| 000 | 00691nac a22001811u 4500 | ||
|---|---|---|---|
| 010 | _a 94012956 | ||
| 082 | 0 | 0 |
_a621 _bW223 |
| 090 |
_c3810 _d3810 |
||
| 100 | _aWalsh, Ronald A. | ||
| 245 | 1 | 0 |
_aElectromechanical design handbook / _cRonald A. Walsh. |
| 250 | _a2nd ed. | ||
| 260 |
_aNew York, NY : _bMcGraw-Hill,1995 _cc1995. |
||
| 300 |
_a1 v. (various pagings) : _bill. ; _c25 cm. |
||
| 504 | _aIncludes bibliographical references and index. | ||
| 650 | 0 |
_aElectromechanical devices _xDesign and construction _xHandbooks, manuals, etc. |
|
| 942 |
_cBB _k621W223 |
||
| 999 |
_c3810 _d3810 |
||